|
|
|
|
| LEADER |
00000cam a2200000 i 4500 |
| 001 |
1/125360 |
| 008 |
081105n gr | ||| |||| ||gre|| |
| 035 |
|
|
|l 10101429
|
| 040 |
|
|
|a GR-MyUa
|b gre
|e AACR2
|
| 041 |
0 |
|
|a gre
|
| 082 |
7 |
|
|a 938.3
|2 (22)
|
| 245 |
0 |
0 |
|a Μυστράς.
|
| 260 |
|
|
|a [Χ.τ.] :
|b [χ.ό.],
|c [19--?]
|
| 300 |
|
|
|a 39 σ. :
|b εικ., χάρτες ;
|c 17 εκ.
|
| 501 |
|
|
|a Με: Χρονικόν Γεωργίου Φραντζή του πρωτοβεστιάριου / Γεωργίου του Φραντζή.
|
| 506 |
1 |
|
|a Μόνο για ανάγνωση.
|c Βρίσκεται σε ειδικό ράφι. Διαθέσιμο εάν ζητηθεί.
|
| 651 |
|
0 |
|a Mistra (Greece)
|x History.
|
| 852 |
|
|
|a INST
|b LESVOS
|e 20220916
|h 938.3 ΣΦΡ
|p 005100064204
|q 005100064204
|t BK
|y 0
|
| 901 |
|
|
|a BIBL1-2008-3
|
| 970 |
|
|
|a Καμάτσου
|b Δέσποινα
|z 16-09-2022
|